Dinámica de suelos y estructuras : aplicadas a la ingeniería sísmica (Registro nro. 2070)
[ vista simple ]
| 000 -LEADER | |
|---|---|
| fixed length control field | 00760nam a2200205Ia 4500 |
| 005 - DATE AND TIME OF LATEST TRANSACTION | |
| control field | 20251020182531.0 |
| 008 - FIXED-LENGTH DATA ELEMENTS--GENERAL INFORMATION | |
| fixed length control field | 200515s9999 xx 000 0 und d |
| 082 ## - DEWEY DECIMAL CLASSIFICATION NUMBER | |
| Classification number | 699.891/C71 |
| 100 ## - MAIN ENTRY--PERSONAL NAME | |
| Personal name | COLINDRES SELVA, Rafael |
| 245 #0 - TITLE STATEMENT | |
| Title | Dinámica de suelos y estructuras : aplicadas a la ingeniería sísmica |
| 260 ## - PUBLICATION, DISTRIBUTION, ETC. | |
| Place of publication, distribution, etc. | México, D.F. |
| 260 ## - PUBLICATION, DISTRIBUTION, ETC. | |
| Date of publication, distribution, etc. | 1983 |
| 500 ## - GENERAL NOTE | |
| General note | 1 ejemplar |
| 520 ## - SUMMARY, ETC. | |
| Summary, etc. | Presenta la teoría clásica de la dinámica aplicada a la solución de problemas estructurales, en forma directa y sencilla, sin eliminar por ello los aspectos matemáticos. La obra expone, aclara y utiliza los planteamiento para resolver problemas, ya sea co |
| 650 ## - SUBJECT ADDED ENTRY--TOPICAL TERM | |
| Topical term or geographic name entry element | ESTRUCTURAS |
| 650 ## - SUBJECT ADDED ENTRY--TOPICAL TERM | |
| Topical term or geographic name entry element | LIB |
| 650 ## - SUBJECT ADDED ENTRY--TOPICAL TERM | |
| Topical term or geographic name entry element | SISMOS |
| 650 ## - SUBJECT ADDED ENTRY--TOPICAL TERM | |
| Topical term or geographic name entry element | SUELOS |
| 942 ## - ADDED ENTRY ELEMENTS (KOHA) | |
| Koha item type | Libros |
| Fecha de la última vez que lo usaron | Pago total | Signatura topográfica completa | Código de barras | Precio efectivo desde | Tipo de documento | Estado perdido | Estado dañado | No es para préstamo | Retirado | Ubicación permanente | Ubicación actual | Fecha de adquisición |
|---|---|---|---|---|---|---|---|---|---|---|---|---|
| 15/05/2020 | 699.891/C71 | Bib-Lima15052070 | 15/05/2020 | Libros | Biblioteca Central Lima | Biblioteca Central Lima | 15/05/2020 |